MARC

LEADER 00000nab a2200000 a 4500
001 vtls000779778
003 SK-MaSNL
005 20260426065845.0
008 160324c2001 xo 0 slo
015 |a SNBRB2002/02-04054 
035 |a CLN000131538 
040 |a SNKBUCL  |b slo  |c SNKBUCL  |e AACR2 
041 0 |a slo 
044 |a xo  |c SK 
080 |a 613.86:061.3  |2 1997 
100 1 |a Žáryová, Lucia  |4 aut  |9 275300 
245 1 0 |a XXVIII. Dni zdravotnej výchovy Ivana Stodolu  |c Lucia Žáryová 
611 1 7 |a Dni zdravotnej výchovy Ivana Stodolu  |n 28.  |d 2001  |c Bratislava, Slovensko  |2 snkbucl  |9 1313292 
650 0 7 |a zdravie duševné  |x konferencie  |y 2001  |2 snkbucl  |9 1313293 
650 0 7 |a kongresy  |2 snkbucl  |9 19200 
650 0 7 |a metódy  |x organizácia a riadenie  |x trendy  |2 snkbucl  |9 1313294 
650 0 7 |a zdravie duševné  |x klasifikácia  |2 snkbucl  |9 840593 
650 0 7 |a závislosť (psychológia)  |x u mladistvých  |2 snkbucl  |9 1246201 
650 0 7 |a zdravotná výchová  |2 SNKPH  |9 71307 
650 0 7 |a životný štýl  |2 SNKPH  |9 1704 
650 0 7 |a dospelí  |2 SNKPH  |9 4893 
655 7 |a články z novín a časopisov  |2 snkbucl  |9 267496 
773 0 |x 1335-3179  |t Podpora zdravia  |g Roč. 5, č. 3-4 (2001), s. 16-19 
850 |a Slovenská národná knižnica v Martine 
852 |a SNK  |b KIS3GCP 
958 |a MI 
958 |a RBX 
999 |c 2643439  |d 2645369